01169nam a2200253 a 450000100060000000300080000600500170001400800410003103500190007204000350009104100080012608200250013410000320015924502070019126000790039830000470047750200850052450400320060965000550064170000430069694200130073999900170075295201460076981530BD-RjUL20230622121327.0230619s2011 bg a|||| m||| 00| 0 eng d a(BD-RjUL)81530 aBD-RjULbengcBD-RjULdBD-RjUL aeng 223a632.96bRAP 2011 aRAHMAN, MD. MOSHFIKUR9792110aPOTENTIALITY OF ANISOPTEROMALUS CALANDRAE (HOWARD) AND CHOETOSPILA ELEGANS WESTWOOD AGAINST SITOPHILUS ORYZAE (L.) AND RHYZOPERTHA DOMINICA (F.) /cMD. MOSHFIKUR RAHMAN ;6Supervisor : Md. Wahedul Islam aRajshahi :bInstitute of Biological Science, University of Rajshahi,c2011 a[9], iii, [1], 184 leaves :bill.;c29 cm. aThesis (Ph. D.) --- Institute of Biological Science, University of Rajshahi,2011 aReferences : Leaves 132-164 aPlant injuriesxDiseasesvBiological control97922 aIslam, Md. Wahedul, Supervisor 93105 2ddccTHE c81530d81530 102ddc40718THESESaRUCLbRUCLcDoc/Thed2012-11-13eController of Exam. R.U.l0oTHE 632.96 RAP 2011pD3411r2023-06-19 00:00:00tC-1yTHE